01536nam a2200385Ia 4500001001200000003000800012006001900020007001500039008004100054010001700095020001800112020002600130040002100156035002100177050002500198082001900223100003000242245013400272260004400406300002300450490005200473504004100525533015200566650004900718650002700767650003300794650004200827650003600869651004000905655002900945710001700974710001600991856012601007999001701133ebr10629248CaPaEBRm u cr cn|||||||||121018s2013 dcua sb 000 0 eng d z 2012041229 z9780821396346 z9780821397237 (ebook) aCaPaEBRcCaPaEBR a(OCoLC)82012315814aHC130.I5bF47 2013eb04a305.5/50982231 aFerreira, Francisco H. G.10aEconomic mobility and the rise of the Latin American middle classh[electronic resource] /cFrancisco H.G. Ferreira ... [et al.]. aWashington, D.C. :bWorld Bank,cc2013. axv, 182 p. :bill.0 aWorld Bank Latin American and Caribbean studies aIncludes bibliographical references. aElectronic reproduction.bPalo Alto, Calif. :cebrary,d2011.nAvailable via World Wide Web.nAccess may be limited to ebrary affiliated libraries. 0aHouseholdsxEconomic aspectszLatin America. 0aIncomezLatin America. 0aMiddle classzLatin America. 0aOccupational mobilityzLatin America. 0aSocial mobilityzLatin America. 0aLatin AmericaxEconomic conditions. 7aElectronic books.2local2 aebrary, Inc.2 aWorld Bank.40uhttp://site.ebrary.com/lib/rucke/Doc?id=10629248zAn electronic book accessible through the World Wide Web; click to view c53369d53369